Регионална библиотека "Любен Каравелов" - Русе

Искри (Запис номер 84531)

MARC детайли
000 -Лидер
Контролно поле с фиксирана дължина 01146nam a2200313 c 4500
003 - Код на организацията, давaща контролен номер
Контролно поле BLK
005 - Дата и час на последна редакция
Контролно поле 20230403144141.0
008 - Елементи от данни с фиксирана дължина
fixed length control field 180408b bul|||||r ||||||| ||bul||
010 ## - Наследен системен номер
LC control number KNG00089117000
020 ## - Международен стандартен номер на книга ISBN
Международен стандартен номер на книга ISBN 978-954-26-0734-2
-- издат.: Хермес
040 ## - Източник на каталожния запис
Идентификатор на билиотеката - собственик на записа BLK
041 ## - Код за език
Код за езика на текст/звукозапис или на отделно заглавие Български
Код за езика КДБФ Български
080 ## - УДК
Текстов определител УДК Английска литература
УДК код - определител по УДК 821.111
УДК определител -31
УДК - код + определител 821.111-31
100 1# - Редна дума - Автор
Автор Бегшоу, Луиз
Авторска отговорност първи автор
R(LIN) 37364
139 ## - Редно поле
Редна дума Бегшоу, Луиз
Авторски знак Бе - Б 31
245 10 - Сведения за заглавието
Заглавие Искри
Подзаглавни данни Роман
Редно поле (дума) Луиз Бегшоу; прев. от англ. Илвана Иванова Гарабедян.
257 ## - Страна на издаване
Страна на създаване/издаване Великобритания
260 ## - Област на издателските данни
-- Пловдив
Име на издателя, разпространителя и проч. Хермес
Година на издаване 2009
Печатница Хасково : Полиграфюг
300 ## - Физическа характеристика
Страници 560 с.
Размери/Мащаб 20 см
380 ## - Жанр
Жанр Худож. лит.
490 1# - СЕРИИ (Колекции)
Име на серия Мегаселър
500 ## - Общи забележки
Забележка Ориг. загл. Sparkles / Louise Bagshawe.
700 1# - Други автори (авторска отговорност)
Лично име Гарабедян, Илвана Иванова
Автороска отговорност (Описва отношението между автора и произведението) прев. от англ.
9 (RLIN) 365668
852 ## - Местоположение
Форматна сигнатура Цб 243770
856 4# - Електронен адрес и достъп
Електронен формат pdf - файл
Път до файла /url/
856 4# - Електронен адрес и достъп
Електронен формат pdf - файл
Път до файла /url/
942 ## - АРТИКУЛИ
Вид на библиотечния материал Книги
Скрит в OPAC Не
Koha issues (borrowed), all copies 79
944 ## - СЪЗДАВАНЕ И РЕДАКЦИЯ на ЗАПИСА
Създаване/Редакция Създаване
Дата на регистрацията/редакция 23.04.2009
Статус, дата на статуса ф /
Служител, извършил регистрацията/редакцията Валя_Йорданова
944 ## - СЪЗДАВАНЕ И РЕДАКЦИЯ на ЗАПИСА
Създаване/Редакция Редакция
Дата на регистрацията/редакция 14.04.2010
Статус, дата на статуса ф /
Служител, извършил регистрацията/редакцията
999 ## - СИСТЕМНИ КОНТРОЛНИ НОМЕРА
Koha biblionumber 84531
Koha biblioitemnumber 84531
Наличности
Код за отписване Код за изгубен артикул Източник на класификационната схема Код за повреда Коз за рестрикции Код за отдаване Артикулен № Име на библиотеката - собственик Име на библиотеката, в която се намира в момента Статус (Текущо местоположение) Дата на вписване в системата Местоположение - отдел Цена в лева Инвентарен номер Систематично азбучна сигнатура Баркод Номер на екземпляра Цена в евро Служебна бележка Служебен тип на артикула
Изтеглен Не е изгубен Universal Decimal Classification Не е повреден без рестрикции заемане за дома 137162 Регионална библиотека "Любен Каравелов" Русе Регионална библиотека "Любен Каравелов" Русе Заемна - подръчен фонд 2009-04-23 Заемна - подръчен фонд 14.95 120000735220 П 820-31/Б 31 120000735220 1 7.64 Дост: Pk Вид: Ф N: 36 Дата: 23.04.2009 Дата инв: 14.02.2018 Бележки инв: П2018 Книги
Изтеглен Не е изгубен   Не е повреден без рестрикции заемане за дома 137163 Регионална библиотека "Любен Каравелов" Русе Регионална библиотека "Любен Каравелов" Русе Заемна - подръчен фонд 2009-04-23 Заемна - подръчен фонд 14.95 120000735221 П 820-31/Б 31 120000735221 2 7.64 Дост: Pk Вид: Ф N: 36 Дата: 23.04.2009 Дата инв: 14.02.2018 Бележки инв: П2018 Книги
Изтеглен Не е изгубен Universal Decimal Classification Не е повреден без рестрикции заемане за дома 137164 Регионална библиотека "Любен Каравелов" Русе Регионална библиотека "Любен Каравелов" Русе Заемна - подръчен фонд 2009-04-23 Заемна - подръчен фонд 14.95 120000735222 П 820-31/Б 31 120000735222 3 7.64 Дост: Pk Вид: Ф N: 36 Дата: 23.04.2009 Дата инв: 21.02.2018 Бележки инв: П2018 Книги
Изтеглен Не е изгубен Universal Decimal Classification Не е повреден без рестрикции заемане за дома 137165 Регионална библиотека "Любен Каравелов" Русе Регионална библиотека "Любен Каравелов" Русе Количка 2009-04-23 Заемна - подръчен фонд 14.95 120000735223 П 820-31/Б 31 120000735223 4 7.64 Дост: Pk Вид: Ф N: 36 Дата: 23.04.2009 Дата инв: 15.02.2018 Бележки инв: П2018 Книги
  Не е изгубен   Не е повреден без рестрикции ползва се в читалня 137166 Регионална библиотека "Любен Каравелов" Русе Регионална библиотека "Любен Каравелов" Русе Хранилище 2010-04-14 Хранилище 14.95 120000743395 Цб 243770 120000743395 5 7.64 Дост: Dp Вид: Д N: 39 Дата: 16.09.2009 Книги
Vip Innovations Ltd, Rousse, Bulgaria 2025